00000000nam 2200000za 4500
0019.604412
003CaOODSP
00520250828113558
007cr |||||||||||
008150406|2000||||oncd||||ob   f|0| 0 fre d
022 |a1205-9161
040 |aCaOODSP|bfre
043 |an-cn---
0861 |aCS11-0019/151F-PDF
1001 |aBaldwin, John R. |q(John Russel)
24514|aLes multinationales et le processus d'innovation au Canada / |cpar John Baldwin et Petr Hanel.
260 |aOttawa - Ontario : |bStatistique Canada |cJuin 2000.
300 |a1 ressource en ligne (92 p.) : |bgraphiques, références, tableaux
4901 |aDocuments de recherche - Direction des études analytiques, |x1205-9161 ; |vN° 151
500 |aLe n° de catalogue (11F0019MPF) et l'ISBN (0-660-96369-8) de l'édition imprimée ont été incorrectement copiés dans l'édition électronique.
504 |aComprend des références bibliographiques (p. 70-73).
5203 |aLe présent document vise à établir si la nouvelle tendance perçue de décentralisation des activités de R-D à l'étranger pour exploiter les compétences locales cadre avec les activités des multinationales au Canada. Le régime d'innovation des multinationales au Canada est examiné de manière à faire ressortir les différences entre les société étrangères et canadiennes.--Résumé
590 |a12-35-Supp|b2012-08-09
7102 |aStatistique Canada.
77508|tMultinationals and the Canadian innovation process / |w(CaOODSP)9.574677
7760#|tLes multinationales et le processus d'innovation au Canada / |w(CaOODSP)9.625326
830#0|aDocuments de recherche (Statistique Canada. Direction des études analytiques)|x1205-9161 ; |vN° 151.|w(CaOODSP)9.500842
85640|ahttp://publications.gc.ca|qPDF|s415 Ko|uhttps://publications.gc.ca/collections/Collection/CS11-0019-151F.pdf|yN° 151